000 00492nam a2200181Ia 4500
005 20250508163418.0
008 008 250505s9999 xx 000 0 eng d
037 _aTextual
040 _aFEDL
_beng
_cFEDL
041 _aeng
_2eng
084 _a665.5, HAR
_qFEDL
100 _aHarrison Godfrey
_9344414
245 0 _aStory of oil
260 _aLondon, UK
_bSir Isaac Pitman and Sons Ltd
_c1955
300 _aix,70p
942 _cTEXL
_h665.5, HAR
999 _c1382954
_d1382954